[Event "Piestany Slovakia op-B"]
[White "Nguyen Doan, Bao Anh Angelina"]
[Black "Stanko, Ivan"]
[Site "Piestany"]
[Round "8"]
[Result "1/2-1/2"]
[Date "2024.07.16"]
[WhiteElo "1611"]
[BlackElo "1829"]
[PlyCount "76"]
[EventDate "2024.07.09"]
[EventType "swiss"]
[EventRounds "9"]
[EventCountry "SVK"]
[SourceTitle "EXT 2025"]
[Source "ChessBase"]
[SourceDate "2024.10.14"]
[SourceVersion "1"]
[SourceVersionDate "2024.10.14"]
[SourceQuality "1"]

1. e4 Nc6 2. Nf3 d6 3. d4 Nf6 4. Nc3 a6 5. h3 g6 6. Be3 Bg7 7. Bd3 0-0 8. Qd2 e5 9. d5 Ne7 10. Bh6 Ne8 11. Bxg7 Nxg7 12. g4 f6 13. Rg1 Kh8 14. h4 c6 15. 0-0-0 c5 16. h5 g5 17. Bf1 h6 18. Ne2 Kh7 19. Nh2 b5 20. Ng3 Bd7 21. Be2 b4 22. Nf5 Nexf5 23. exf5 Bb5 24. Nf1 Qa5 25. Kb1 Qb6 26. Ng3 a5 27. Bxb5 Qxb5 28. Ne4 Ne8 29. Rg3 Qd7 30. c4 Nc7 31. Qc2 Kg7 32. Rdd3 a4 33. Qd2 Ra6 34. Qe3 Ra5 35. Rd1 Rb8 36. Qd2 Ne8 37. Re1 Ra6 38. Rge3 Rab6 1/2-1/2

[Event "Piestany Slovakia op-B"]
[White "Reis, Pedro Rafael Melo"]
[Black "Stanko, Ivan"]
[Site "Piestany"]
[Round "8"]
[Result "1/2-1/2"]
[Date "2023.07.18"]
[WhiteElo "1588"]
[BlackElo "1798"]
[PlyCount "21"]
[EventDate "2023.07.11"]
[EventType "swiss"]
[EventRounds "9"]
[EventCountry "SVK"]
[SourceTitle "EXT 2024"]
[Source "ChessBase"]
[SourceDate "2023.10.10"]
[SourceVersion "1"]
[SourceVersionDate "2023.10.10"]
[SourceQuality "1"]

1. d4 Nf6 2. Bg5 Ne4 3. h4 h6 4. Bf4 c5 5. d5 d6 6. Nd2 Nxd2 7. Qxd2 Bf5 8. f3 e5 9. e4 Bd7 10. Bg3 Be7 11. Bf2 1/2-1/2

[Event "Piestany Slovakia op-B"]
[White "Stanko, Ivan"]
[Black "Kudela, Oliver"]
[Site "Piestany"]
[Round "4"]
[Result "1-0"]
[Date "2023.07.14"]
[WhiteElo "1798"]
[BlackElo "1573"]
[PlyCount "45"]
[EventDate "2023.07.11"]
[EventType "swiss"]
[EventRounds "9"]
[EventCountry "SVK"]
[SourceTitle "EXT 2024"]
[Source "ChessBase"]
[SourceDate "2023.10.10"]
[SourceVersion "1"]
[SourceVersionDate "2023.10.10"]
[SourceQuality "1"]

1. e4 c5 2. c3 Nf6 3. e5 Nd5 4. Nf3 Nc6 5. Bc4 Nb6 6. Bb3 c4 7. Bc2 d5 8. exd6 Qxd6 9. d4 Qe6+ 10. Be3 Nd5 11. Qe2 Nxe3 12. fxe3 Qh6 13. Nbd2 b5 14. a4 bxa4 15. Rxa4 a5 16. Be4 Rb8 17. Nxc4 Ba6 18. 0-0 Qe6 19. Bd3 Bb5 20. Nd6+ exd6 21. Bxb5 d5 22. Ne5 Rb6 23. Rxa5 1-0

[Event "Piestany Slovakia op-B"]
[White "Sokolovsky, Jakub"]
[Black "Stanko, Ivan"]
[Site "Piestany"]
[Round "9"]
[Result "1/2-1/2"]
[Date "2022.07.18"]
[WhiteElo "1662"]
[BlackElo "1799"]
[PlyCount "74"]
[EventDate "2022.07.11"]
[EventType "swiss"]
[EventRounds "9"]
[EventCountry "SVK"]
[SourceTitle "CBM 209 Extra"]
[Source "ChessBase"]
[SourceDate "2022.09.30"]
[SourceVersion "1"]
[SourceVersionDate "2022.09.30"]
[SourceQuality "1"]

1. e4 c5 2. Nf3 Nc6 3. d4 cxd4 4. Nxd4 g6 5. Nc3 Bg7 6. Be3 Nf6 7. Bc4 0-0 8. Bb3 d6 9. f3 Bd7 10. Qd2 a6 11. 0-0-0 Na5 12. g4 Nxb3+ 13. Nxb3 b5 14. h4 h5 15. gxh5 Nxh5 16. Rdg1 a5 17. Bh6 a4 18. Nd4 b4 19. Nd5 b3 20. a3 bxc2 21. Bxg7 Kxg7 22. Nf5+ Bxf5 23. exf5 e6 24. fxg6 f6 25. Nf4 Nxf4 26. Qxf4 Rh8 27. h5 Rh6 28. Re1 e5 29. Qc4 d5 30. Qc6 d4 31. Qb7+ Kh8 32. Qf7 Qf8 33. Qxf8+ Rxf8 34. Kxc2 Kg7 35. Kd3 Rfh8 36. f4 Rxh5 37. Rhg1 Rh3+ 1/2-1/2

[Event "Piestany Augustus Cup"]
[White "Hrubisko, Lukas"]
[Black "Stanko, Ivan"]
[Site "Piestany"]
[Round "7"]
[Result "1/2-1/2"]
[Date "2022.07.15"]
[WhiteElo "1368"]
[BlackElo "1799"]
[PlyCount "65"]
[EventDate "2022.07.15"]
[EventType "swiss (rapid)"]
[EventRounds "7"]
[EventCountry "SVK"]
[SourceTitle "CBM 209 Extra"]
[Source "ChessBase"]
[SourceDate "2022.09.30"]
[SourceVersion "1"]
[SourceVersionDate "2022.09.30"]
[SourceQuality "1"]

1. d4 Nf6 2. Nf3 e6 3. Bf4 d5 4. e3 Bb4+ 5. c3 Bd6 6. Bg3 Ne4 7. Bd3 Nxg3 8. hxg3 h6 9. Nbd2 b6 10. a4 c5 11. b3 Bd7 12. 0-0 0-0 13. Re1 Nc6 14. e4 cxd4 15. cxd4 Nb4 16. Bb1 dxe4 17. Bxe4 Rc8 18. Nc4 Be7 19. d5 Bf6 20. Qd2 Nxd5 21. Rac1 Qe7 22. Bxd5 b5 23. Bb7 Rcd8 24. Nd6 bxa4 25. Rc7 axb3 26. Ne5 Bxe5 27. Rxe5 b2 28. Qxb2 Qxd6 29. Rec5 Qd1+ 30. Kh2 Ba4 31. Qe5 Bb3 32. Qf4 a5 33. Rxa5 1/2-1/2

[Event "Piestany Slovakia op-B"]
[White "Volanek, Maros"]
[Black "Stanko, Ivan"]
[Site "Piestany"]
[Round "5"]
[Result "1/2-1/2"]
[Date "2022.07.14"]
[WhiteElo "1556"]
[BlackElo "1799"]
[PlyCount "63"]
[EventDate "2022.07.11"]
[EventType "swiss"]
[EventRounds "9"]
[EventCountry "SVK"]
[SourceTitle "CBM 209 Extra"]
[Source "ChessBase"]
[SourceDate "2022.09.30"]
[SourceVersion "1"]
[SourceVersionDate "2022.09.30"]
[SourceQuality "1"]

1. d4 Nf6 2. Nf3 e6 3. c4 Bb4+ 4. Bd2 Qe7 5. a3 Bxd2+ 6. Qxd2 0-0 7. Nc3 d6 8. e4 e5 9. d5 a5 10. Be2 Nbd7 11. Qc2 Nc5 12. Nd2 a4 13. 0-0 Bd7 14. f3 Nh5 15. Rf2 Nf4 16. Kh1 f5 17. Raf1 Rf6 18. Qb1 Raf8 19. b4 axb3 20. Nxb3 Na4 21. Nxa4 Bxa4 22. exf5 Rxf5 23. Bd3 Nxd3 24. Qxd3 Qh4 25. Nd2 Bd7 26. g3 Qe7 27. Re1 Qf7 28. Qb3 b6 29. Kg2 Rf6 30. Ne4 Rh6 31. h4 Rg6 32. Qd1 1/2-1/2

[Event "Piestany Slovakia op-B"]
[White "Stanko, Ivan"]
[Black "Salgovic, Simon"]
[Site "Piestany"]
[Round "2"]
[Result "0-1"]
[Date "2022.07.12"]
[WhiteElo "1799"]
[BlackElo "2079"]
[PlyCount "72"]
[EventDate "2022.07.11"]
[EventType "swiss"]
[EventRounds "9"]
[EventCountry "SVK"]
[SourceTitle "CBM 209 Extra"]
[Source "ChessBase"]
[SourceDate "2022.09.30"]
[SourceVersion "1"]
[SourceVersionDate "2022.09.30"]
[SourceQuality "1"]

1. e4 d5 2. exd5 Qxd5 3. Nc3 Qa5 4. d4 Nf6 5. Bd2 Nc6 6. Bb5 a6 7. Nd5 axb5 8. Nxf6+ gxf6 9. Bxa5 Nxa5 10. Qd3 Nc4 11. Nf3 Nd6 12. Nh4 Bh6 13. g3 Bg5 14. Ng2 Bf5 15. Qe2 Be4 16. 0-0 f5 17. f3 Bc6 18. Rfe1 e6 19. a3 h5 20. Rad1 0-0-0 21. b3 Bd5 22. Ne3 Bxe3+ 23. Qxe3 h4 24. Rd2 Rdg8 25. Rg2 h3 26. Rf2 Rh4 27. Kf1 f4 28. Qe5 fxg3 29. hxg3 h2 30. Ke2 h1Q 31. gxh4 Qxh4 32. Rh2 Qg3 33. Qxg3 Rxg3 34. Rf2 Nf5 35. Rd1 Rh3 36. b4 Bc4+ 0-1

[Event "Tatry op"]
[White "Stanko, Ivan"]
[Black "Sankova, Stella"]
[Site "Tatranske Zruby"]
[Round "6"]
[Result "0-1"]
[Date "2020.09.30"]
[WhiteElo "1827"]
[BlackElo "2043"]
[PlyCount "78"]
[EventDate "2020.09.26"]
[EventType "swiss"]
[EventRounds "9"]
[EventCountry "SVK"]
[SourceTitle "CBM 198 Extra"]
[Source "ChessBase"]
[SourceDate "2020.11.30"]
[SourceVersion "1"]
[SourceVersionDate "2020.11.30"]
[SourceQuality "1"]

1. e4 c5 2. c3 g6 3. d4 cxd4 4. cxd4 d5 5. e5 Bg7 6. Nc3 Nh6 7. Bb5+ Bd7 8. Qb3 0-0 9. Bxd7 Qxd7 10. Qxd5 Qxd5 11. Nxd5 Nc6 12. Nf3 Rfd8 13. Nc7 Rac8 14. Nb5 a6 15. Nc3 Nf5 16. 0-0 Nfxd4 17. Nxd4 Nxd4 18. f4 b5 19. Rb1 b4 20. Ne4 Ne2+ 21. Kh1 Rd4 22. Ng5 Rxc1 23. Rbxc1 Nxc1 24. Rxc1 Rxf4 25. Rc8+ Bf8 26. Kg1 h6 27. g3 Rd4 28. Nf3 Rd1+ 29. Kf2 Ra1 30. Ne1 Rxa2 31. Nd3 e6 32. Ke3 Kg7 33. Kd2 Ra1 34. Nc1 Be7 35. h4 h5 36. Rc7 Bf8 37. Ne2 Ra5 38. Ra7 Rd5+ 39. Kc2 Rxe5 0-1

[Event "Tatry op"]
[White "Lukac, Roman"]
[Black "Stanko, Ivan"]
[Site "Tatranske Zruby"]
[Round "3.29"]
[Result "1-0"]
[Date "2019.09.29"]
[WhiteElo "2076"]
[BlackElo "1848"]
[PlyCount "33"]
[EventDate "2019.09.28"]
[EventType "swiss"]
[EventRounds "9"]
[EventCountry "SVK"]
[SourceTitle "EXT 2020"]
[Source "ChessBase"]
[SourceDate "2019.10.17"]
[SourceVersion "1"]
[SourceVersionDate "2019.10.17"]
[SourceQuality "1"]

1. e4 c6 2. d4 d5 3. f3 dxe4 4. fxe4 Nf6 5. e5 Nd5 6. Nf3 Bg4 7. h3 Bh5 8. Bd3 e6 9. 0-0 Be7 10. Nc3 Nxc3 11. bxc3 0-0 12. Rb1 Qc7 13. Qe1 c5 14. Qe4 Bg6 15. Qxb7 Qxb7 16. Rxb7 Nc6 17. Bb5 1-0

[Event "Tatry op"]
[White "Czernek, Tymon"]
[Black "Stanko, Ivan"]
[Site "Tatranska Lomnica"]
[Round "9"]
[Result "1-0"]
[Date "2017.10.15"]
[WhiteElo "2036"]
[BlackElo "1903"]
[PlyCount "61"]
[EventDate "2017.10.08"]
[EventType "swiss"]
[EventRounds "9"]
[EventCountry "SVK"]
[SourceTitle "CBM 181 Extra"]
[Source "ChessBase"]
[SourceDate "2017.12.12"]
[SourceVersion "1"]
[SourceVersionDate "2017.12.12"]
[SourceQuality "1"]

1. d4 Nf6 2. Nf3 e6 3. c4 Nc6 4. g3 Bb4+ 5. Bd2 Bxd2+ 6. Nbxd2 0-0 7. Bg2 d6 8. 0-0 e5 9. dxe5 dxe5 10. e3 Qe7 11. Qc2 g6 12. a3 Bf5 13. Qc3 Rad8 14. Nh4 Bd3 15. Rfe1 e4 16. Bh1 Ne5 17. b3 Qe6 18. f4 exf3 19. Nhxf3 Nxf3+ 20. Nxf3 Ne4 21. Qb2 Rfe8 22. Rad1 Qg4 23. Ne5 Rxe5 24. Qxe5 Ng5 25. Bg2 Rd6 26. c5 Re6 27. Qc3 Bb5 28. Qb4 Qxb4 29. axb4 b6 30. cxb6 cxb6 31. Rd5 1-0

[Event "Banska Stiavnica V4 op"]
[White "Stanko, Ivan"]
[Black "Bronis, Marian"]
[Site "Banska Stiavnica"]
[Round "5"]
[Result "1/2-1/2"]
[Date "2017.07.12"]
[WhiteElo "1893"]
[BlackElo "2089"]
[PlyCount "24"]
[EventDate "2017.07.08"]
[EventType "swiss"]
[EventRounds "9"]
[EventCountry "SVK"]
[SourceTitle "CBM 179 Extra"]
[Source "ChessBase"]
[SourceDate "2017.08.23"]
[SourceVersion "1"]
[SourceVersionDate "2017.08.23"]
[SourceQuality "1"]

1. e4 e5 2. Nf3 Nf6 3. Nxe5 d6 4. Nf3 Nxe4 5. Qe2 Qe7 6. d3 Nf6 7. Qxe7+ Bxe7 8. Be2 0-0 9. 0-0 Nc6 10. a3 a6 11. Nc3 Bf5 12. Bg5 Be6 1/2-1/2

[Event "Banska Stiavnica V4 op"]
[White "Stanko, Ivan"]
[Black "Kerdik, Adam"]
[Site "Banska Stiavnica"]
[Round "6"]
[Result "1/2-1/2"]
[Date "2016.07.07"]
[WhiteElo "1876"]
[BlackElo "2064"]
[PlyCount "56"]
[EventDate "2016.07.02"]
[EventType "swiss"]
[EventRounds "9"]
[EventCountry "SVK"]
[SourceTitle "CBM 173 Extra"]
[Source "ChessBase"]
[SourceDate "2016.08.29"]
[SourceVersion "1"]
[SourceVersionDate "2016.08.29"]
[SourceQuality "1"]

1. e4 e5 2. Nf3 Nc6 3. d4 exd4 4. Nxd4 Nf6 5. Nxc6 bxc6 6. Bd3 d5 7. exd5 cxd5 8. 0-0 Be7 9. Nc3 0-0 10. h3 c6 11. Bg5 Rb8 12. b3 h6 13. Bh4 Rb4 14. Bg3 Bd6 15. Bxd6 Qxd6 16. Re1 Be6 17. a3 Rb7 18. Qf3 a5 19. Ne2 Nd7 20. Nd4 Nc5 21. Bf1 Ne4 22. Bd3 Nc5 23. Bf1 Ne4 24. Bd3 f5 25. Nxe6 Qxe6 26. Qe2 Qf6 27. f3 Nc5 28. Qe3 Nxd3 1/2-1/2

[Event "Banska Stiavnica V4 op"]
[White "Nikel, Rastislav"]
[Black "Stanko, Ivan"]
[Site "Banska Stiavnica"]
[Round "3"]
[Result "0-1"]
[Date "2016.07.04"]
[WhiteElo "2052"]
[BlackElo "1876"]
[PlyCount "80"]
[EventDate "2016.07.02"]
[EventType "swiss"]
[EventRounds "9"]
[EventCountry "SVK"]
[SourceTitle "CBM 173 Extra"]
[Source "ChessBase"]
[SourceDate "2016.08.29"]
[SourceVersion "1"]
[SourceVersionDate "2016.08.29"]
[SourceQuality "1"]

1. c4 Nf6 2. Nc3 g6 3. d4 Bg7 4. e4 d6 5. f3 0-0 6. Be3 e5 7. d5 c5 8. Bd3 Na6 9. Nge2 Nc7 10. Qd2 a6 11. 0-0-0 Bd7 12. g4 b5 13. Ng3 bxc4 14. Bxc4 Nb5 15. h4 Nd4 16. Rdf1 Qb6 17. g5 Nh5 18. Nxh5 gxh5 19. f4 exf4 20. Bxf4 Rab8 21. Rf2 Rb7 22. Rhf1 Bh3 23. Re1 a5 24. e5 Qb4 25. Bd3 Bg4 26. Ne4 Qxd2+ 27. Nxd2 dxe5 28. Bg3 a4 29. Ne4 c4 30. Bxc4 Rc7 31. Nd2 Nf3 32. Nxf3 Rxc4+ 33. Kb1 Bf5+ 34. Ka1 Rfc8 35. Rff1 e4 36. Ne5 Rc2 37. b3 Bg6 38. Kb1 axb3 39. axb3 e3 40. Nd3 Bxd3 0-1

[Event "SVK-ch op"]
[White "Stanko, Ivan"]
[Black "Karas, Juraj"]
[Site "Banska Stiavnica"]
[Round "6"]
[Result "0-1"]
[Date "2013.07.11"]
[WhiteElo "1949"]
[BlackElo "1732"]
[PlyCount "104"]
[EventDate "2013.07.06"]
[EventType "swiss"]
[EventRounds "9"]
[EventCountry "SVK"]
[SourceTitle "CBM 155 Extra"]
[Source "ChessBase"]
[SourceDate "2013.08.26"]
[SourceVersion "1"]
[SourceVersionDate "2013.08.26"]
[SourceQuality "1"]

1. e4 e6 2. d4 d5 3. e5 c5 4. c3 Nc6 5. Nf3 Qb6 6. a3 Nge7 7. b4 cxd4 8. cxd4 Nf5 9. Bb2 Bd7 10. Be2 Be7 11. 0-0 0-0 12. Bd3 g6 13. Bxf5 gxf5 14. Nc3 Rfc8 15. Qd2 Qd8 16. Qh6 Qf8 17. Qxf8+ Kxf8 18. Ne2 Rc7 19. Bc1 Rac8 20. Bh6+ Kg8 21. Rac1 a6 22. Nd2 Na7 23. Nb3 Bb5 24. Rfe1 Rc2 25. Ng3 b6 26. Rxc2 Rxc2 27. Rc1 Rxc1+ 28. Bxc1 Ba4 29. Na1 Nb5 30. Bb2 a5 31. bxa5 bxa5 32. Ne2 Nxa3 33. Nc3 Bc6 34. Nb3 Nc4 35. Ba1 Bb4 36. Kf1 a4 37. Nc5 Nd2+ 38. Ke2 Nb3 39. Nxb3 axb3 40. Bb2 Kg7 41. Kd1 f6 42. Ne2 Bb5 43. Nf4 Kf7 44. Nh5 fxe5 45. dxe5 Bd3 46. Nf4 Bc2+ 47. Ke2 Bc5 48. f3 Bg1 49. h3 d4 50. Nd3 Be3 51. Nb4 f4 52. Ba1 Kg6 0-1

[Event "SVK-ch op"]
[White "Rendla, Karol"]
[Black "Stanko, Ivan"]
[Site "Banska Stiavnica"]
[Round "3"]
[Result "0-1"]
[Date "2013.07.08"]
[WhiteElo "1453"]
[BlackElo "1949"]
[PlyCount "112"]
[EventDate "2013.07.06"]
[EventType "swiss"]
[EventRounds "9"]
[EventCountry "SVK"]
[SourceTitle "CBM 155 Extra"]
[Source "ChessBase"]
[SourceDate "2013.08.26"]
[SourceVersion "1"]
[SourceVersionDate "2013.08.26"]
[SourceQuality "1"]

1. e4 c6 2. Nf3 d5 3. exd5 cxd5 4. d3 Nc6 5. c3 Nf6 6. h3 h6 7. Be3 e6 8. Nbd2 Bd6 9. d4 a6 10. Bd3 Bd7 11. b4 Qc7 12. a3 0-0 13. Nb3 b6 14. Qe2 a5 15. b5 Ne7 16. Qb2 Nf5 17. Bd2 Rac8 18. a4 Bf4 19. Rc1 Bxd2+ 20. Nbxd2 Nd6 21. 0-0 Nfe4 22. Nb1 Nc4 23. Qe2 f5 24. Rc2 Rf6 25. Rfc1 Be8 26. Bxc4 Qxc4 27. Qxc4 Rxc4 28. Ra2 Rc7 29. Ne5 f4 30. f3 Nd6 31. Re1 Bg6 32. Nc6 Bf5 33. Rae2 Nc4 34. Nd2 Nb2 35. Ne4 dxe4 36. Rxb2 exf3 37. Kh2 fxg2 38. Rxg2 Bd3 39. Rf2 Bc4 40. Rc1 Bb3 41. Ra1 Bd5 42. Rc1 Bxc6 43. bxc6 Rxc6 44. Rf3 Rc4 45. Ra1 Kf7 46. Ra3 Ke7 47. h4 g5 48. Kh3 Kd6 49. Kg4 Rf5 50. Kh5 Rc8 51. Kg4 h5+ 52. Kxh5 Rh8+ 53. Kg6 g4 54. Rf1 g3 55. Rg1 f3 56. c4 f2 0-1